| 000 | 00414nam a22001697a 4500 | ||
|---|---|---|---|
| 003 | CEME | ||
| 005 | 20210628205806.0 | ||
| 008 | 210316b xxu||||| |||| 00| 0 eng d | ||
| 040 | _c. | ||
| 082 | _a891.4391 AMJ | ||
| 100 |
_aAmjad Islam Amjad _99447 |
||
| 245 | _aZara phir say kehna | ||
| 260 |
_aLAHORE _bJHANGEER BOOK DEPOT _c1998 |
||
| 300 | _a136P | ||
| 650 |
_aURDU ADAB-POETRY _928226 |
||
| 942 |
_cBK _2ddc |
||
| 999 |
_c582366 _d582366 |
||